UM Logo

Alternative conceptions of obesity and perception of obese people amongst children / (Record no. 18203)

MARC details
000 -LEADER
fixed length control field 00884nam a22002297a 4500
003 - CONTROL NUMBER IDENTIFIER
control field OSt
005 - DATE AND TIME OF LATEST TRANSACTION
control field 20260212095023.0
008 - FIXED-LENGTH DATA ELEMENTS--GENERAL INFORMATION
fixed length control field 230915b ||||| |||| 00| 0 eng d
040 ## - CATALOGING SOURCE
Transcribing agency 0
082 ## - DEWEY DECIMAL CLASSIFICATION NUMBER
Classification number DPer 570 J826 February-November 2020 v. 54 n. 1-5
100 ## - MAIN ENTRY--PERSONAL NAME
Personal name Weissova, Monika.
Relator term author.
9 (RLIN) 49052
245 ## - TITLE STATEMENT
Title Alternative conceptions of obesity and perception of obese people amongst children /
Statement of responsibility, etc. Monika Weissova and Pavol Prokop.
260 ## - PUBLICATION, DISTRIBUTION, ETC. (IMPRINT)
Place of publication, distribution, etc. United Kingdom ;
Name of publisher, distributor, etc. Taylor & Francis Group ,
Date of publication, distribution, etc. November 2020.
300 ## - PHYSICAL DESCRIPTION
Extent Volume 54, pages 463-475 :
Other physical details illustration ;
Dimensions 25 cm.
500 ## - GENERAL NOTE
General note Journal of Biological Education, vol. 54, no. 5, pages 463-475, November 2020.
650 ## - SUBJECT ADDED ENTRY--TOPICAL TERM
Topical term or geographic name as entry element Health.
9 (RLIN) 49053
650 ## - SUBJECT ADDED ENTRY--TOPICAL TERM
Topical term or geographic name as entry element Body weight.
9 (RLIN) 49054
650 ## - SUBJECT ADDED ENTRY--TOPICAL TERM
Topical term or geographic name as entry element Obesity.
9 (RLIN) 49055
700 ## - ADDED ENTRY--PERSONAL NAME
Personal name Weissova, Monika.
Relator term author.
9 (RLIN) 49052
700 ## - ADDED ENTRY--PERSONAL NAME
Personal name Prokop, Pavol.
Relator term author.
9 (RLIN) 49056
942 ## - ADDED ENTRY ELEMENTS (KOHA)
Source of classification or shelving scheme Dewey Decimal Classification
Koha item type Periodicals
Holdings
Withdrawn status Lost status Source of classification or shelving scheme Damaged status Not for loan Collection code Home library Current library Date acquired Total Checkouts Full call number Date last seen Price effective from Koha item type Public note
    Dewey Decimal Classification     Periodicals UM Digos College - LIC UM Digos College - LIC 09/15/2023   DPer 570 J826 February-November 2020 v. 54 n. 1-5. 09/15/2023 09/15/2023 Periodicals Periodical Article